Responses for show #6334 - Thursday, March 15, 2012

Contestants

[<< previous game]

John Erler, a movie mocker from Austin, Texas

Sue Anderson, a speech language pathologist from Peoria, Illinois

Michael Gurshtein, a thin films engineer from Thornton, Colorado (whose 1-day cash winnings total $25,000)

[next game >>]

Jeopardy! Round responses

NEW YORK CITY
MBAs
REMEMBER WHO WON THE SUPER BOWL?
WEIGHTS & MEASURES
WRITERS' WORDS
1N, 2N, 3N, 4N, 5
(Alex: The correct response in the $200 block will have one "N", and we'll add an "N" to the correct response as we go down.)
    $200 19
(Michael: What is Rockefeller Center?)

Lincoln Center

Michael
Triple Stumper
    $200 11
Colin Powell

Sue
    $200 14
the Green Bay Packers

John
    $200 24
a gross

Michael
    $200 6
definition

John
    $200 1
a dingo

Michael
    $400 20
ring the bell

Michael
    $400 12
Melinda Gates

Sue
    $400 15
the Denver Broncos

John
    $400 25
a stone

John
    $400 7
a cliché

Sue
    $400 2
an annual

Sue
    $600 21
Harlem

John
    $600 13
George W. Bush

Michael
    $600 16
the New Orleans Saints

John
    $1,800 26
45

John
    $600 8
fallacy

John
    $600 3
(Sue: What is over-the-counter?)

nonprescription

Sue
Triple Stumper
    $800 22
the Museum of Modern Art (MoMA)

Michael
    $800 17
the Giants

John
    $800 27
[The end-of-round signal sounds.]

acre

Michael
    $800 9
brevity

John
    $800 4
(John: What is uninvited?)

unannounced

SueJohn
    $1000 23
(Alex: Correct, with a minute to go.)

Gracie Mansion

John
    $1000 18
[Applause for John's run of the category]

the Chicago Bears

John
    $1000 10
personification

John
    $1000 5
a spinning jenny

Triple Stumper

Scores at the first commercial break (after clue 13):

Michael Sue John
$800 $1,600 $1,800

Scores at the end of the Jeopardy! Round:

Michael Sue John
$2,800 $1,600 $8,600

Double Jeopardy! Round responses

TIME TO RESIGN
CAR NAMES
GRAY'S ANATOMY SAYS...
(Alex: We'll give you the definition.)
3-LETTER WORDS
FORMER SOVIET REPUBLICS
SONG MASH-UPS
    $400 16
Congressman Weiner

Sue
    $400 17
(Sue: What is Altima?)

Acura

Sue
Triple Stumper
    $400 6
jugular

Triple Stumper
    $400 1
a sty

John
    $400 15
[Applause for Michael's run of the category]

Georgia

Michael
    $400 24
"Light My Fire And Rain"

Sue
    $800 20
(Hosni) Mubarak

Sue
    $800 18
Jeep

Sue
    $800 7
the tibia

Michael
    $800 2
nap

Michael
    $800 14
Lithuania

Michael
    $800 27
"Achy Breaky Heart Of Glass"

John
    $1200 23
Tom DeLay

John
    $1200 19
Saab

John
    $1200 8
the ear

Sue
    $1200 3
Doe

Michael
    $7,000 13
Ukraine

Michael
    $1200 28
"Private Eyes Without A Face"

John
    $1600 25
Charles de Gaulle

Michael
    $3,000 21
(Alex: Yes. Citron is the French word for lemon, so [*].)

Citroen

Sue
    $1600 9
the pulmonary veins

Triple Stumper
    $1600 4
a tot

John
    $1600 12
Belarus

Michael
    $1600 29
"Blame It On The Rain In Spain"

Sue
    $2000 26
(Alex: Less than a minute to go, now, Michael.)

Trent Lott

Triple Stumper
    $2000 22
Crown Victoria

Sue
    $2000 10
the clavicle (or collar bone)

Michael
    $2000 5
tat

Sue
    $2000 11
Armenia

Triple Stumper
    $2000 30
"I'm Burnin' For You Light Up My Life"

John

Scores at the end of the Double Jeopardy! Round:

Michael Sue John
$19,000 $13,400 $17,000

[wagering suggestions for these scores]

Final Jeopardy! Round responses

LITERATURE
(Alex: Let's assume English literature.)
SueWhat is ?
$10,000
JohnWhat is Lady Chatterley's Lover
$12,000
MichaelWhat is Death in Venice?
$15,001
Lady Chatterley's Lover (by D.H. Lawrence)

Final scores:

Michael Sue John
$3,999 $3,400 $29,000
2nd place: $2,000 3rd place: $1,000 New champion: $29,000

Game dynamics:

Coryat scores:

Michael Sue John
$13,200 $12,000 $15,800
15 R
(including 1 DD),
1 W
14 R
(including 1 DD),
2 W
20 R
(including 1 DD),
1 W

Combined Coryat: $41,000

The J! Archive is created by fans, for fans. The Jeopardy! game show and all elements thereof, including but not limited to copyright and trademark thereto, are the property of Jeopardy Productions, Inc. and are protected under law. This website is not affiliated with, sponsored by, or operated by Jeopardy Productions, Inc. Join the discussion at JBoard.tv.